[Event "8th Tal Memorial"]
[Site "Moscow RUS"]
[Date "2013.06.19"]
[Round "6.2"]
[White "Caruana,F"]
[Black "Kramnik,V"]
[Result "1/2-1/2"]
[WhiteElo "2774"]
[BlackElo "2803"]

1.e4 e5 2.Nf3 Nc6 3.Bb5 Nf6 4.O-O Nxe4 5.d4 Nd6 6.Bxc6 dxc6 7.dxe5 Nf5 8.Qxd8+ Kxd8
9.h3 Bd7 10.Rd1 Kc8 11.g4 Ne7 12.Ng5 Be8 13.f4 h5 14.f5 hxg4 15.hxg4 Rh4
16.Kf2 Rxg4 17.Rh1 Nxf5 18.Rh8 Bc5+ 19.Kf3 Rg1 20.Rxe8+ Kd7 21.Rxa8 Nd4+
22.Ke4 Rxc1 23.b4 Bb6 24.c4 c5 25.a3 Re1+ 26.Kd3 Rd1+ 27.Kc3 Rc1+ 28.Kd3 Rd1+
29.Kc3 Rc1+ 30.Kd3  1/2-1/2

[Event "8th Tal Memorial"]
[Site "Moscow RUS"]
[Date "2013.06.21"]
[Round "7.4"]
[White "Kramnik,V"]
[Black "Andreikin,D"]
[Result "0-1"]
[WhiteElo "2803"]
[BlackElo "2713"]

1.d4 Nf6 2.c4 e6 3.g3 Bb4+ 4.Bd2 Bxd2+ 5.Qxd2 d5 6.Bg2 O-O 7.Nf3 c6 8.O-O Nbd7
9.Rc1 Qe7 10.Qe3 dxc4 11.Rxc4 Nd5 12.Qa3 Re8 13.Qxe7 Rxe7 14.e4 N5b6 15.Rc2 e5
16.Nbd2 a5 17.a3 g6 18.Rac1 exd4 19.Nxd4 Ne5 20.f4 Rd7 21.Ne2 Ng4 22.Nf1 Rd8
23.h3 Nf6 24.Rd2 Be6 25.Kf2 Na4 26.Rcc2 Nd7 27.Ke3 Bb3 28.Rc1 Ndb6 29.Rd4 c5
30.Rxd8+ Rxd8 31.e5 Nc4+ 32.Kf3 Naxb2 33.Nc3 Nxa3 34.Ne3 b5 35.Ne4 Nd3 36.Rh1 Nc2
37.Nxc2 Bxc2 38.h4 b4 39.h5 gxh5 40.Nf6+ Kf8 41.Ke3 b3 42.Nd5  0-1

[Event "8th Tal Memorial"]
[Site "Moscow RUS"]
[Date "2013.06.22"]
[Round "8.3"]
[White "Anand,V"]
[Black "Kramnik,V"]
[Result "1/2-1/2"]
[WhiteElo "2786"]
[BlackElo "2803"]

1.d4 Nf6 2.c4 e6 3.Nc3 Bb4 4.Qc2 O-O 5.e4 d5 6.e5 Ne4 7.Bd3 c5 8.Nf3 cxd4
9.Nxd4 Nd7 10.Bf4 Qb6 11.Nb3 Qc7 12.O-O Nxe5 13.Bxe4 dxe4 14.Qxe4 Bxc3 15.bxc3 f6
16.Rfe1 Qxc4 17.Bxe5 Qxe4 18.Rxe4 fxe5 19.Rxe5 b6 20.Nd4 Bd7 21.Rae1 Rac8
22.R1e3 Rc4 23.Nxe6 Bxe6 24.Rxe6 Rfc8 25.Re7 Rxc3 26.h4 Rxe3 27.fxe3 a5 28.Rb7 Rc2
29.Rxb6 Rxa2 30.Ra6 Re2  1/2-1/2

[Event "Geneva Masters GpA 2013"]
[Site "Geneva SUI"]
[Date "2013.06.28"]
[Round "3.1"]
[White "Kramnik,V"]
[Black "Pelletier,Y"]
[Result "1/2-1/2"]
[WhiteElo "2803"]
[BlackElo "2574"]

1.Nf3 Nf6 2.c4 e6 3.Nc3 d5 4.e3 a6 5.b3 c5 6.cxd5 exd5 7.d4 Nc6 8.Bb2 Bd6
9.Be2 O-O 10.dxc5 Bxc5 11.O-O Re8 12.Qc2 Nb4 13.Qd2 Ne4 14.Nxe4 dxe4 15.Qc3 Bf8
16.Rfd1 Qb6 17.Ne5 Be6 18.Nc4 Qc7 19.a3 Nd5 20.Qd4 b5 21.Nd2 f5 22.Bh5 Red8
23.Rac1 Qe7 24.Qe5 Nf6 25.Be2 Rd5 26.Qg3 Rad8 27.Nf1 Rxd1 28.Bxd1 Nd5 29.Be2 Qd6
30.a4 bxa4 31.bxa4 Qxg3 32.hxg3 Nb4 33.Bd4 Nd3 34.Rc6 Rd6 35.Rc3 Bd7 36.Bd1 Rc6
37.Bb3+ Kh8 38.Rxc6 Bxc6 39.Be6 Bb4 40.Bxf5 Be1 41.f4 a5 42.g4 Bxa4 43.Bxe4 Nc1
44.Be5 Ne2+ 45.Kh2 Bb5 46.Bf3 Nxf4 47.exf4 Bxf1 48.Bd5 a4 49.g5 Bd3 50.g4 Bc2
51.Kg2 Bb3 52.Bxb3 axb3 53.Kf3 Bd2 54.Ke4 Bc1 55.Kd3 Kg8 56.Kc3 b2 57.Kc2  1/2-1/2

[Event "Geneva Masters GpA 2013"]
[Site "Geneva SUI"]
[Date "2013.06.28"]
[Round "3.3"]
[White "Pelletier,Y"]
[Black "Kramnik,V"]
[Result "1/2-1/2"]
[WhiteElo "2574"]
[BlackElo "2803"]

1.Nf3 Nf6 2.c4 c5 3.g3 g6 4.Bg2 Bg7 5.d4 O-O 6.O-O cxd4 7.Nxd4 d5 8.cxd5 Nxd5
9.Nc3 Nxc3 10.bxc3 Qc7 11.Rb1 Nc6 12.Nxc6 bxc6 13.Bf4 e5 14.Be3 Bf5 15.Rb4 e4
16.Qc2 a5 17.Ra4 Rfe8 18.Bxe4 Be6 19.Bd4 Rab8 20.Bxg7 Kxg7 21.c4 Qe5 22.Bxc6 Rec8
23.Qe4 Qxe4 24.Bxe4 Rxc4 25.Rxc4 Bxc4 26.a3 Rb3 27.Rc1 Bxe2 28.Bd5 Rb5 29.Bc6 Rb2
30.Rc5 Rb1+ 31.Kg2 Bf1+ 32.Kf3 Rb3+ 33.Kf4 Rxa3 34.Bd5 Ra4+ 35.Ke3 Ra3+ 36.Kf4 Ra4+
37.Ke3 Ra3+ 38.Kf4 Ra4+  1/2-1/2

[Event "Geneva Masters GpA 2013"]
[Site "Geneva SUI"]
[Date "2013.06.28"]
[Round "3.2"]
[White "Pelletier,Y"]
[Black "Kramnik,V"]
[Result "1/2-1/2"]
[WhiteElo "2574"]
[BlackElo "2803"]

1.Nf3 Nf6 2.c4 c5 3.Nc3 d5 4.cxd5 Nxd5 5.g3 g6 6.Bg2 Bg7 7.O-O Nc6 8.d3 O-O
9.Bd2 Nc7 10.a3 Bd7 11.Rb1 a5 12.Qc1 b6 13.Bh6 Rc8 14.Bxg7 Kxg7 15.b3 f6
16.Qb2 e5 17.Rfd1 Nd4 18.e3 Nxf3+ 19.Bxf3 Ne6 20.Bg2 Bc6 21.b4 Bxg2 22.Kxg2 cxb4
23.axb4 Rf7 24.bxa5 bxa5 25.Ne4 Qd5 26.Qb3 Rd8 27.Qxd5 Rxd5 28.Rb6 Nc5 29.Nxc5 Rxc5  1/2-1/2

[Event "Geneva Masters GpA 2013"]
[Site "Geneva SUI"]
[Date "2013.06.28"]
[Round "3.4"]
[White "Kramnik,V"]
[Black "Pelletier,Y"]
[Result "1-0"]
[WhiteElo "2803"]
[BlackElo "2574"]

1.Nf3 Nf6 2.c4 e6 3.e3 b6 4.d4 Bb7 5.Bd3 d5 6.cxd5 exd5 7.b3 Bd6 8.Ba3 O-O
9.O-O Re8 10.Bxd6 Qxd6 11.Nc3 a6 12.Rc1 Nbd7 13.Bf5 Nf8 14.Qc2 g6 15.Bh3 Re7
16.Rfd1 Bc8 17.Bxc8 Rxc8 18.Qd3 Ra8 19.Rc2 Ne6 20.h3 c6 21.Na4 Rb7 22.Rdc1 Nd8
23.Ne5 c5 24.Nf3 c4 25.bxc4 dxc4 26.Qxc4 b5 27.Qc5 Qe6 28.Ng5 Qe8 29.Nb6 Nd7
30.Nxd7 Qxd7 31.Ne4 Qe6 32.Qd5 Qxd5 33.Nf6+ Kg7 34.Nxd5 Ne6 35.Nc7 Nxc7 36.Rxc7 Raa7
37.Rxb7 Rxb7 38.Kf1 a5 39.Ke2 b4 40.Kd3 Kf6 41.Rc6+ Ke7 42.Kc2 Rb5 43.Rc5 Rxc5+
44.dxc5 Ke6 45.Kb3 Kd5 46.Ka4 Kxc5 47.Kxa5 Kc4 48.Ka4 g5 49.g4 h6 50.f4 f6
51.f5 Kd5  1-0

[Event "41st GM"]
[Site "Dortmund GER"]
[Date "2013.07.28"]
[Round "3.5"]
[White "Kramnik,V"]
[Black "Khenkin,I"]
[Result "1/2-1/2"]
[WhiteElo "2784"]
[BlackElo "2605"]

1.d4 d5 2.c4 c6 3.Nf3 Nf6 4.Nc3 dxc4 5.a4 e6 6.e3 c5 7.Bxc4 Nc6 8.O-O cxd4
9.Nxd4 Bd7 10.e4 Bb4 11.Bf4 O-O 12.e5 Nxd4 13.Qxd4 Bc6 14.Qxd8 Rfxd8 15.exf6 Rd4
16.Be5 Rxc4 17.fxg7 Be7 18.Rfd1 f6 19.Bd6 Re8 20.Nb5 Bxb5 21.axb5 Bxd6 22.Rxd6 Re7
23.g3 Rb4 24.Rxa7 Rxb5 25.Ra4 f5 26.Rd2 Kxg7 27.Rc4 e5 28.b4 e4 29.Rd6 f4
30.gxf4 Rf5 31.Rcd4 Rxf4 32.Rd7 Rff7 33.Rxe7 Rxe7 34.Kf1 e3 35.f3 e2+ 36.Ke1 Re3
37.Rd7+ Kg6 38.Rxb7 Rxf3 39.Rb6+ Kg5 40.Rb5+ Kg4 41.Rb7 Rh3 42.Rg7+ Kf5 43.b5 Rxh2
44.b6 Rh1+ 45.Kxe2 Rb1 46.Rb7 Ke5 47.Rxh7 Rxb6  1/2-1/2

[Event "41st GM"]
[Site "Dortmund GER"]
[Date "2013.07.30"]
[Round "5.1"]
[White "Kramnik,V"]
[Black "Leko,P"]
[Result "1-0"]
[WhiteElo "2784"]
[BlackElo "2737"]

1.c4 c5 2.g3 g6 3.Bg2 Bg7 4.Nc3 Nc6 5.Nf3 d6 6.O-O e6 7.b3 Nge7 8.Bb2 O-O
9.e3 e5 10.d3 h6 11.a3 Be6 12.Nd2 d5 13.cxd5 Nxd5 14.Rc1 Nde7 15.Nc4 Rb8
16.Qe2 b6 17.f4 exf4 18.gxf4 f5 19.Rfd1 b5 20.Nd2 Qd7 21.Qf2 a6 22.Nde4 Qa7
23.Nxc5 Qxc5 24.d4 Nxd4 25.exd4 Qd6 26.d5 Bf7 27.Na2 Bxb2 28.Qxb2 Rfd8 29.Qd4 Rbc8
30.Rxc8 Rxc8 31.Nb4 Rd8 32.Qa7 Rd7 33.Qxa6 Qxa6 34.Nxa6 Nxd5 35.Nc5 Rd8 36.Rd4 Kf8
37.Nd3 Ke8 38.Ne5 Be6 39.Nxg6 Rd7 40.Kf2 Rg7 41.Bxd5 Rxg6 42.Bxe6 Rxe6 43.Rd5 Ra6
44.Rxf5 Rxa3 45.Rxb5 Kd7 46.Kf3 Kc6 47.Rb8  1-0

[Event "41st GM"]
[Site "Dortmund GER"]
[Date "2013.08.01"]
[Round "6.5"]
[White "Kramnik,V"]
[Black "Fridman,D"]
[Result "1-0"]
[WhiteElo "2784"]
[BlackElo "2629"]

1.c4 e6 2.Nf3 d5 3.b3 Nf6 4.g3 Be7 5.Bg2 O-O 6.O-O c5 7.Bb2 Nc6 8.e3 b6 9.Nc3 dxc4
10.bxc4 Qd3 11.Ne1 Qd7 12.Qe2 Bb7 13.f4 Rfd8 14.Rd1 Nb4 15.d3 Bxg2 16.Nxg2 a6
17.a3 Nc6 18.g4 Ne8 19.f5 Nd6 20.f6 Bxf6 21.Rxf6 gxf6 22.Nf4 Ne5 23.Nh5 Qe7
24.Rf1 Nd7 25.Qg2 h6 26.h4 Kf8 27.Qg3 Ke8 28.Qf4 Qf8 29.Nd5 exd5 30.Bxf6 Ne5
31.Qxe5+ Kd7 32.Bg7 Re8 33.Nf6+ Kc7 34.Qa1  1-0

[Event "41st GM"]
[Site "Dortmund GER"]
[Date "2013.08.02"]
[Round "7.5"]
[White "Andreikin,D"]
[Black "Kramnik,V"]
[Result "1-0"]
[WhiteElo "2727"]
[BlackElo "2784"]

1.d4 Nf6 2.c4 e6 3.Nf3 d5 4.Bg5 h6 5.Bxf6 Qxf6 6.Nbd2 g6 7.Qb3 dxc4 8.Qxc4 Qe7
9.Rc1 c6 10.e4 Bg7 11.e5 O-O 12.Bd3 b6 13.O-O Rd8 14.Qb3 Bb7 15.Be4 Rd7 16.Rfd1 c5
17.dxc5 bxc5 18.Qa4 Rd8 19.Nb3 Na6 20.Rd6 Bxe4 21.Qxe4 Rxd6 22.exd6 Qf8 23.Qb7 Nb4
24.d7 Nd3 25.Rd1 c4 26.Na5 Rd8 27.Nc6 Qc5 28.Nxd8 Qxf2+ 29.Kh1 Bd4 30.h3 Qe3
31.Nxf7 Bb6 32.N7e5 Nf2+ 33.Kh2 Nxd1  1-0

[Event "41st GM"]
[Site "Dortmund GER"]
[Date "2013.08.04"]
[Round "9.4"]
[White "Adams,Mi"]
[Black "Kramnik,V"]
[Result "1/2-1/2"]
[WhiteElo "2740"]
[BlackElo "2784"]

1.e4 c5 2.Nf3 g6 3.c3 Nf6 4.e5 Nd5 5.d4 cxd4 6.cxd4 Bg7 7.Qb3 Nb6 8.a4 d6
9.a5 Be6 10.Qb5+ Bd7 11.Qb3 Be6 12.Qb5+ Bd7 13.Qb3 Be6 14.Qb5+ Bd7  1/2-1/2

[Event "FIDE World Cup 2013"]
[Site "Tromso NOR"]
[Date "2013.09.02"]
[Round "7.4"]
[White "Andreikin,D"]
[Black "Kramnik,V"]
[Result "1/2-1/2"]
[WhiteElo "2716"]
[BlackElo "2784"]

1.c4 c5 2.g3 g6 3.Bg2 Bg7 4.Nc3 Nc6 5.a3 b6 6.d3 Bb7 7.Bd2 Nf6 8.Nh3 O-O
9.O-O e6 10.b4 d6 11.b5 Na5 12.e4 d5 13.cxd5 exd5 14.e5 Ne8 15.f4 Nc7 16.Rb1 f6
17.exf6 Qxf6 18.Ne2 Rae8 19.g4 d4 20.Ng3 Bxg2 21.Kxg2 Nd5 22.f5 Qe5 23.Nf4 c4
24.Qf3 Ne3+ 25.Bxe3 dxe3 26.d4 Qd6 27.Ne4 Qxd4 28.Ng5 e2 29.Nxe2 Qd2 30.Ne4 Qc2
31.Ng3 Nb3 32.Rbd1 Kh8 33.Qf2 gxf5 34.gxf5  1/2-1/2

[Event "World Teams 2013"]
[Site "Antalya TUR"]
[Date "2013.12.05"]
[Round "9.1"]
[White "Kramnik,V"]
[Black "Ezat,M"]
[Result "1/2-1/2"]
[WhiteElo "2793"]
[BlackElo "2454"]

1.Nf3 Nf6 2.g3 d5 3.Bg2 e6 4.O-O Be7 5.c4 O-O 6.b3 c5 7.Bb2 Nc6 8.e3 b6 9.Nc3 Bb7
10.cxd5 Nxd5 11.Nxd5 Qxd5 12.d4 Rad8 13.Ne5 Qxg2+ 14.Kxg2 Nxe5+ 15.f3 cxd4
16.exd4 Nc6 17.Rc1 Rd7 18.a3 Rfd8 19.Qe2 Bf6 20.b4 e5 21.d5 Rxd5 22.Rfd1 Nd4
23.Bxd4 exd4 24.Rc7 Bc8 25.Rxa7 d3 26.Qe4 Be6 27.a4 d2 28.Qe2 Rd4 29.Qe3 h6
30.a5 bxa5 31.bxa5 Rd3 32.Qe2 Bb3 33.Ra8 Bxd1 34.Qxd3 Rxa8 35.Qxd2 Rd8 36.Qe3 Ba4
37.a6 Bc6 38.a7 Ba8 39.Qf4 Bg5 40.Qb8 g6 41.Qe5 Rf8 42.h4 Bd8 43.h5 gxh5
44.Qxh5 Bg5 45.Kh3 Kg7 46.f4 Bf6 47.Qg4+ Kh8 48.Qf5 Kg7 49.g4 Rd8 50.Kg3 Re8
51.Qc5 Rd8 52.Qb5 Rc8 53.g5 hxg5 54.fxg5 Ba1 55.g6 Bf6 56.gxf7 Rc3+ 57.Kg4 Kxf7
58.Qd7+ Kf8 59.Kh5 Rc6 60.Qd2 Ke7 61.Qb4+ Kd7 62.Qb5 Be7 63.Qd5+ Bd6 64.Qg8 Rc8
65.Qf7+ Kc6 66.Qc4+ Kb7 67.Qb5+ Kc7 68.Qa5+ Kc6 69.Qa6+ Kd7 70.Kg5 Bc6 71.Qb6 Rf8
72.Kg6 Ra8 73.Kf6 Rf8+ 74.Kg7 Rc8 75.Kf6 Re8 76.Kf7 Bd5+ 77.Kg6 Re6+ 78.Kf5 Re5+
79.Kf6 Re6+ 80.Kf5 Be4+ 81.Kg4 Rg6+ 82.Kh5 Rg8 83.Qb5+ Ke6 84.Qe2 Kf5 85.Qf2+ Ke6
86.Qe3 Kf5 87.Qh3+ Kf6 88.Qh4+ Kf5 89.Qh3+ Kf6 90.Qh4+ Ke5  1/2-1/2